01686naa a2200229 a 450000100080000000500110000800800410001910000190006024500980007926000090017752010110018665300120119765300230120965300240123265300230125665300220127970000200130170000170132170000170133870000170135577300840137210649282009-07-09 2009 bl uuuu u00u1 u #d1 aBERTOLDO, J.G. aCorrela????o entre caracteres de produ????o e tempo de coc????o em feij??o em dois ambientes. c2009 aEste trabalho teve como objetivo verificar a exist??ncia de correla????o entre os caracteres rendimento de gr??os, peso de mil gr??os e tempo de coc????o em gr??os de feij??o cultivados em dois ambientes. A sele????o de muitos caracteres simultaneamente pode ser onerosa devido ?? presen??a da intera????o entre gen??tipo e ambiente. Para minimizar tal dificuldade, os melhoristas podem lan??ar m??o da sele????o indireta para um ou mais caracteres espec??ficos. Foram realizados dois ensaios de feij??o nos munic??pios de Capinzal e Lages, na safra de 2007/08 e utilizados quatro gen??tipos para an??lise de correla????o fenot??pica. Foi realizado o teste de coc????o para os gen??tipos e avaliado o rendimento de gr??os e peso de mil gr??os. Os resultados revelaram que a sele????o indireta entre os caracteres rendimento de gr??os e tempo de coc????o n??o deve ser objetivado em programas de melhoramento, devido ao acr??scimo no tempo de coc????o em virtude do aumento do car??ter rendimento de gr??os. aFeij??o aPhaseolus vulgaris aRendimento de gr??o aSele????o indireta aTempo de coc????o1 aCOIMBRA, J.L.M.1 aBARILI, L.D.1 aVALE, N.M.do1 aROCHA, F.da. tRevista Ci??ncia Florestal, Fortalezagv. 40, n. 1, p. 135-140, jan./mar. 2009.